| 000 | 00513nam a22001697a 4500 | ||
|---|---|---|---|
| 005 | 20251108175928.0 | ||
| 008 | 250721s2021 xx 000 0 ara d | ||
| 082 | 1 | 4 | _a818.03/حرد |
| 100 | 1 | _aالحردان، نوال | |
| 245 | 1 | 0 |
_aكنوز من الماضي الجميل : _bطرائف وحكايا معبرة / |
| 264 | 1 |
_aعمان : _bالمؤلف، _c2021. |
|
| 300 | _a204ص. | ||
| 650 | 1 | 7 | _aالادب العربي |
| 650 | 1 | 7 | _aالحكم والامثال |
| 942 |
_2ddc _cBK |
||
| 999 |
_c145728 _d145728 |
||